00461nam a22001697a 450000500170000000800410001702000150005802200150007304100120008808200120010010000120011224500570012425000200018126000350020130000290023665000260026520240923143738.0240923b |||||||| |||| 00| 0 eng d a0409022640 a0409004480 aEnglish a349 JOU lEnglish aThe Law of South Africa / cWA Joubert and JA Faris  aSecond Edition  aDurban: bButterworths,c2006  bvii,318 pages; c26 cm.  aLegal practice bLaw